000 00619nam a2200241 i 4500
001 C2-0118102
003 PPAK
005 20180727111016.0
008 970729s1984 enka|||| ||||| | eng d
020 _a0222008911
040 _aPPAK
_beng
_cPPAK
_erda
082 0 4 _a531.6
_223
090 0 0 _a531.6
_bENE
_dG
090 0 0 _a531.6
_bENE
_dRK
245 0 0 _aEnergy
264 1 _aLondon :
_bBurke Books ,
_c1984
300 _a31 pages :
_bcolour illustrations ;
_c24 cm
336 _2rdacontent
_atext
337 _2rdamedia
_aunmediated
338 _2rdacarrier
_avolume
650 1 0 _aForce and enegry
942 _ddc
_cB
999 _c31994
_d31994